Fateful abstractions (Record no. 77306)
[ view plain ]
| 000 -LEADER | |
|---|---|
| fixed length control field | 01228cab a2200229 4500 |
| 001 - CONTROL NUMBER | |
| control field | ##L133983 |
| 008 - FIXED-LENGTH DATA ELEMENTS--GENERAL INFORMATION | |
| fixed length control field | 060627n2006 000 0 eng u |
| 035 ## - SYSTEM CONTROL NUMBER | |
| System control number | (Sirsi) u133983 |
| 041 0# - LANGUAGE CODE | |
| Language code of text/sound track or separate title | eng |
| 100 1# - MAIN ENTRY--PERSONAL NAME | |
| Personal name | Pearce, Amanda |
| 245 00 - TITLE STATEMENT | |
| Title | Fateful abstractions |
| 260 ## - PUBLICATION, DISTRIBUTION, ETC. | |
| Date of publication, distribution, etc. | 2006 |
| 490 #0 - SERIES STATEMENT | |
| Series statement | Estates Gazette |
| Volume/sequential designation | (0626) 24 June 2006, 204-205(2) |
| 520 ## - SUMMARY, ETC. | |
| Summary, etc. | This "Mainly for students" article looks at the surveyor's input to rent review valuations. Includes sections on preparing the valuation, making the inspection, and why this advice matters. Highlights the relevance of judgments made in "United Scientific Holdings Ltd v Burnley BC" (HL [1977] 243 EG 43) and "Plinth Property Investments Ltd v Mott Hay and Anderson" (CA [1978] 249 EG 1167), regarding the rent review timetable and restrictive user clauses respectively. |
| 590 ## - LOCAL NOTE (RLIN) | |
| Local note | IKA040706 |
| 650 24 - SUBJECT ADDED ENTRY--TOPICAL TERM | |
| Topical term or geographic name entry element | UNITED SCIENTIFIC HOLDINGS LTD V BURNLEY BC |
| 650 24 - SUBJECT ADDED ENTRY--TOPICAL TERM | |
| Topical term or geographic name entry element | PLINTH PROPERTY INVESTMENTS LTD V MOTT HAY AND ANDERSON |
| 651 #4 - SUBJECT ADDED ENTRY--GEOGRAPHIC NAME | |
| Geographic name | England and Wales |
| Chronological subdivision | 1543- |
| 690 ## - LOCAL SUBJECT ADDED ENTRY--TOPICAL TERM (OCLC, RLIN) | |
| Topical term or geographic name as entry element | PROPERTY-COMMERCIAL PROPERTY-LEASEHOLD COMMERCIAL PROPERTY-COMMERCIAL LANDLORD AND TENANT-COMMERCIAL LEASES-RENT REVIEW (COMMERCIAL LEASES) |
| 700 1# - ADDED ENTRY--PERSONAL NAME | |
| Personal name | Burlinson, David |
| 942 ## - ADDED ENTRY ELEMENTS (KOHA) | |
| Suppress in OPAC | 0 |
| Withdrawn status | Lost status | Source of classification or shelving scheme | Damaged status | Not for loan | Home library | Current library | Shelving location | Date acquired | Total Checkouts | Full call number | Barcode | Date last seen | Copy number | Price effective from | Koha item type |
|---|---|---|---|---|---|---|---|---|---|---|---|---|---|---|---|
| Dewey Decimal Classification | London | London | Journal article | 27/06/2006 | L133983 | 133983-1001 | 06/08/2019 | 1 | 06/08/2019 | Journal article |